Regional disparitiers between districts in the Slovak Republic

Charakteristika stavu a dynamiky v rámci regionálnych disparít Slovenskej republiky použitím viacrozmerných prieskumných techník . Zmena podobnosti sedemdesiatich deviatich okresov Slovenskej republiky. Analýza vychádza z hodnôt ukazovateľov priemerná nominálna mesačná mzda, disponibilný počet uch...

Descripción completa

Guardado en:
Detalles Bibliográficos
Autor principal: Grmanová, Eva
Formato: Capítulo de libro
Lenguaje:inglés
Materias:
Etiquetas: Agregar Etiqueta
Sin Etiquetas, Sea el primero en etiquetar este registro!

MARC

LEADER 00000naa a2200000 4500
001 0165935
005 20220718121524.4
041 0 |a eng 
044 |a SK 
245 1 0 |a Regional disparitiers between districts in the Slovak Republic  |c Eva Grmanová 
520 |a Charakteristika stavu a dynamiky v rámci regionálnych disparít Slovenskej republiky použitím viacrozmerných prieskumných techník . Zmena podobnosti sedemdesiatich deviatich okresov Slovenskej republiky. Analýza vychádza z hodnôt ukazovateľov priemerná nominálna mesačná mzda, disponibilný počet uchádzačov o zamestnanie a miera evidovanej nezamestnanosti v roku 2008 a v roku 2010. 
610 2 0 |a disparita 
610 2 0 |a Slovensko 
610 2 0 |a diferenciácia regionálna 
100 1 |a Grmanová, Eva